000 00646nam a2200121Ia 4500
008 220615s9999||||xx |||||||||||||| ||und||
100 _aMegill, Kenneth A.
245 0 _aCorporate Memory
_bRecords and Information Management in the Knowledge Age
546 _aEnglish[eng]
650 _aInformation Science||Libraries||Information and Documentation||Employment||Organizational memory||Records management||Workflow
856 _uhttps://library.oapen.org/bitstream/20.500.12657/31666/1/626355.pdf||https://library.oapen.org/bitstream/20.500.12657/31666/1/626355.pdf||https://library.oapen.org/bitstream/20.500.12657/31666/1/626355.pdf
942 _cEB
999 _c17546
_d17546